000 00755nam a2200193Ia 4500
008 151121s9999||||xx |||||||||||||| ||und||
082 _a813-/जोंधळे
082 _bHNW-58748
100 _aजोंधळे महावीर
245 _aनाल नसलेल्या घोडंााचा मालक
260 _b"अनुपमा प्रकाशन, औरंगाबाद।"
260 _c--
300 _a110
600 _aजोंधळे महावीर
630 _aनाल नसलेल्या घोडंााचा मालक
700 _aजोंधळे महावीर
730 _aनाल नसलेल्या घोडंााचा मालक
942 _cBOOK
999 _c1240534
_d1240531